Name Every US Governor - Statistics

General Stats
  • This quiz has been taken 11 times
  • The average score is 9 of 55
Answer Stats
State Governor % Correct
California Gavin Newsom
75%
Washington Jay Inslee
75%
New York Andrew Cuomo
63%
Florida Ron DeSantis
50%
Arizona Doug Ducey
38%
North Carolina Roy Cooper
38%
Minnesota Tim Walz
38%
Kentucky Andy Beshear
25%
Georgia Brian Kemp
25%
New Hampshire Chris Sununu
25%
Texas Greg Abbot
25%
Michigan Gretchen Whitmer
25%
Colorado Jared Polis
25%
West Virginia Jim Justice
25%
Louisiana John Bel Edwards
25%
Ohio Mike DeWine
25%
Connecticut Ned Lamont
25%
Vermont Phil Scott
25%
Virginia Ralph Northam
25%
Montana Steve Bullock
25%
Pennsylvania Tom Wolf
25%
Maine Janet Mills
13%
Illinois J. B. Pritzker
13%
Oregon Kate Brown
13%
Alabama Kay Ivey
13%
Iowa Kim Reynolds
13%
South Carolina Kristi Noem
13%
Maryland Larry Hogan
13%
Kansas Laura Kelly
13%
New Mexico MIchelle Lujan Grisham
13%
Alaska Mike Dunleavy
13%
New Jersey Phil Murphy
13%
Nevada Steve Sisolak
13%
Wisconsin Tony Evers
13%
U.S. Virgin Islands Albert Bryan
0%
Arkansas Asa Hutchinson
0%
Tennessee Bill Lee
0%
Idaho Brad Little
0%
Massachusetts Charlie Baker
0%
Hawaii David Ige
0%
North Dakota Doug Burgum
0%
Indiana Eric Holcomb
0%
Utah Gary Herbert
0%
Rhode Island Gina Raimondo
0%
Delaware John Carney
0%
Oklahoma Kevin Stitt
0%
American Samoa Lolo Matalasi Moliga
0%
Guam Lou Leon Guerrero
0%
Wyoming Mark Gordon
0%
Missouri Mike Parson
0%
District of Columbia Muriel Bowser
0%
Nebraska Pete Ricketts
0%
Northern Mariana Islands Ralph Torres
0%
Mississippi Tate Reeves
0%
Puerto Rico Wanda Vázquez Garced
0%
No matching quizzes found
Score Distribution
Percent of People with Each Score
Percentile by Number Answered
Your Score History
You have not taken this quiz